000 01435cam a2200385 i 4500
001 120622
005 20230410123609.0
008 150824s2007 fr a 000 0 fre
020 _a9782851156952
041 0 _afre
050 1 4 _aKJV 5622
_bM533 2007
082 0 0 _a343.440
245 0 0 _aMémento pratique Francis Lefebvre :
_bConcurrence, consommation, 2007-2008 :
_bdroit des affaires /
_cÉditions Francis Lefebvre.
246 3 0 _aConcurrence, consommation, 2007-2008
260 _aLevallois :
_bF. Lefebvre,
_c2007.
300 _a1401 p. ;
_c24 cm.
440 0 _aMémento pratique Francis Lefebvre
504 _aIncluye bibliografía e indice.
650 4 _aIDEF
650 4 _aInstitut international du droit d'expression et d'inspiration francaises.
650 0 _aAntitrust law
_zFrance.
650 0 _aRestraint of trade
_zFrance.
650 0 _aTrade regulation
_zFrance.
650 0 _aConsumer protection
_xLaw and legislation
_zFrance.
650 4 _aDerecho económico
_zFrancia
650 4 _aDerecho mercantil
_zFrancia.
650 4 _aCanales de distribución
_xDerecho
_zFrancia.
650 4 _aConsumidores
_xProtección
_xDerecho
_zFrancia.
650 6 _aConsommateurs
_xProtection
_xDroit
_zFrance.
650 6 _aConcurrence
_xDroit
_zFrance.
710 1 _aÉditions Francis Lefebvre
710 2 _aInstitut international du droit d'expression et d'inspiration francaises.
942 _2lcc
_cbk
946 _almd
999 _c64615
_d64615